Normal view
MARC view
Entry Personal Name
001 - CONTROL NUMBER
- control field: 556682
003 - CONTROL NUMBER IDENTIFIER
- control field: OSt
005 - DATE AND TIME OF LATEST TRANSACTION
- control field: 20220930094913.0
008 - FIXED-LENGTH DATA ELEMENTS
- fixed length control field: 220930|| aca||aabn | a|a d
040 ## - CATALOGING SOURCE
- Original cataloging agency: OSt
- Transcribing agency: OSt
100 ## - HEADING--PERSONAL NAME
- Personal name: दिल्ली विश्वविद्यालय. कला संकाय. संस्कृत
670 ## - SOURCE DATA FOUND
- Source citation: Work cat.: (OSt)887910: सन्दीप कुमार, ले., मुकुलभट्ट और मम्मट की शब्दार्थ मीमांसा, 2016
